| 000 -CABECERA |
| Longitud fija campo de control |
01025nam a2200265 a 4500 |
| 001 - NÚMERO DE CONTROL |
| Número de control |
3684 |
| 003 - IDENTIFICADOR DEL NÚMERO DE CONTROL |
| Identificador del número de control |
CDMR |
| 005 - FECHA Y HORA DE LA ÚLTIMA TRANSACCIÓN |
| Fecha y hora de la última transacción |
20151022114202.0 |
| 008 - CÓDIGOS DE INFORMACIÓN DE LONGITUD FIJA |
| Códigos de información de longitud fija |
130130s1980||||||||||||||||||||||||||||d |
| 020 ## - NÚMERO INTERNACIONAL NORMALIZADO PARA LIBROS |
| Número Internacional Normalizado para Libros (ISBN) |
9233018024 (Unesco) |
| 020 ## - NÚMERO INTERNACIONAL NORMALIZADO PARA LIBROS |
| Número Internacional Normalizado para Libros (ISBN) |
9681606302 (Fondo de Cultura Económica) |
| 040 ## - FUENTE DE LA CATALOGACIÓN |
| Centro catalogador de origen |
CDMR |
| Lengua de catalogación |
cat |
| Centro transcriptor |
CDMR |
| 245 13 - MENCIÓN DE TÍTULO |
| Título |
Un solo mundo, voces múltiples |
| Resto del título |
: comunicación e información en nuestro tiempo |
| Mención de responsabilidad, etc. |
Sean MacBride... [et al.] |
| 260 ## - PUBLICACIÓN, DISTRIBUCIÓN, ETC. (PIE DE IMPRENTA) |
| Lugar de publicación, distribución, etc. |
Paris |
| Nombre del editor, distribuidor, etc. |
Unesco |
| 260 ## - PUBLICACIÓN, DISTRIBUCIÓN, ETC. (PIE DE IMPRENTA) |
| Lugar de publicación, distribución, etc. |
México |
| Fecha de publicación, distribución, etc. |
[1980] |
| Nombre del editor, distribuidor, etc. |
Fondo de Cultura Econòmica |
| 300 ## - DESCRIPCIÓN FÍSICA |
| Extensión |
508 p. |
| Dimensiones |
23 cm |
| 650 04 - PUNTO DE ACCESO ADICIONAL DE MATERIA - TÉRMINO DE MATERIA |
| 9 (RLIN) |
2777 |
| Término de materia o nombre geográfico como elemento inicial |
Comunicació intercultural |
| 650 04 - PUNTO DE ACCESO ADICIONAL DE MATERIA - TÉRMINO DE MATERIA |
| 9 (RLIN) |
2757 |
| Término de materia o nombre geográfico como elemento inicial |
Mitjans de comunicació de massa |
| Subdivisión de materia general |
Aspectes socials |
| 650 04 - PUNTO DE ACCESO ADICIONAL DE MATERIA - TÉRMINO DE MATERIA |
| 9 (RLIN) |
4427 |
| Término de materia o nombre geográfico como elemento inicial |
Mitjans de comunicació de massa en el desenvolupament comunitari |
| 650 04 - PUNTO DE ACCESO ADICIONAL DE MATERIA - TÉRMINO DE MATERIA |
| 9 (RLIN) |
2190 |
| Término de materia o nombre geográfico como elemento inicial |
Comunicació internacional |
| 700 1# - PUNTO DE ACCESO ADICIONAL - NOMBRE DE PERSONA |
| 9 (RLIN) |
2623 |
| Nombre de persona |
Macbride, Sean |
| 710 2# - PUNTO DE ACCESO ADICIONAL - NOMBRE DE ENTIDAD |
| 9 (RLIN) |
1452 |
| Nombre de entidad o nombre de jurisdicción como elemento inicial |
Unesco |
| 856 40 - LOCALIZACIÓN Y ACCESO ELECTRÓNICO |
| Identificador Uniforme del Recurso (URI) |
<a href="http://unesdoc.unesco.org/images/0004/000400/040066sb.pdf">http://unesdoc.unesco.org/images/0004/000400/040066sb.pdf</a> |
| Texto del enlace |
Disponible en línia (PDF) |
| Nota pública |
-- Versió abreujada (Ed. 1987) |
| 942 ## - ENTRADA DE ELEMENTOS AGREGADOS (KOHA) |
| Koha [por defecto] tipo de item |
Monografies |
| Fuente de clasificaión o esquema |
|